000 00964nam a22002897a 4500
001 4494
003 FISKH
005 20250801144708.0
008 240912b cb ||||| |||| 00| 0 eng d
020 _a0590447394
040 _aFISKH
_beng
_cFISKH
_dFISKH
050 _aPN6231.A5
082 _a818.5402
100 _aBarrett, Judi
_eauthor
245 _aAnimals should definitely not wear clothing /
_cWritten by Judi Barrett and drawn by Ron Barrett
250 _aFirst Scholastic printing, February 1991
260 _aNew York :
_bScholastic ;
_c1970 .
300 _a31 unnumbered pages :
_bcolor illustrations ;
_c22 cm .
505 _aG
520 _aPictures of animals wearing clothes show why this would be a ridiculous custom for them to adopt.
521 8 _a350
_bLexile estimate
521 8 _aG
_bRaz-Plus
650 _aanimals
_vfiction
700 _aBarrett, Ron
_eillustrator
942 _2ddc
_cBK
_n0
999 _c4494
_d4494